000 01554nam a22002897a 4500
005 20090616120752.0
008 090616t xxu||||| |||| 00| 0 hin d
010 _aHIN-86930
020 _a9788190718707
_c375.00
035 _aHN-59276
037 _bDBAD / PUB
040 _adpl
_bhn
082 _a197
100 _aऑस्पेन्स्की, पी.डी.
245 _aअलौकिक की तलाश में :
_cपी.डी.ऑस्पेन्स्की
_bएक अज्ञात विद्या के अंश /
246 _aAlaukika kii talaasha men
_bby P.D.Ospenski
260 _aगुड़गाँव्
_bगुर्जि़एफ़ फाउण्डेशन ऑफ इंडिया
_c2008
270 _aसेक्टर-32, प्लॉट 42, इन्स्टीट्यूशनल एरिया,
_bगुड़गांव
_e122001
_minfo@gurdjieff.in
300 _a496पृ.
_c22सेमी (सजिल्द)
600 _aऑस्पेन्स्की, पी. डी. ,1878-1947.
600 _aUspenski, P. D. ,1878-1947.
650 _aFourth Way (Occultism)
650 _aचतुर्थ मार्ग (गुप्त विद्या)
650 _aFourth Way (Occultism)
942 _2ddc
_cHN
_mऑस्पेन्स्की
_h197
999 _c27490
_d27490